| 000 | 00853cab a2200241 4500 | ||
|---|---|---|---|
| 001 | ABS47063 | ||
| 008 | 090401t1992 xxu||||| |||| 00| 0 eng d | ||
| 035 | _a(Sirsi) u60652 | ||
| 041 | _aeng | ||
| 100 | _aWhitmore, J. | ||
| 245 | _aRecession forces rethink on how property companies perform | ||
| 260 | _c1992 | ||
| 350 | _a0 | ||
| 490 |
_aChartered Surveyor Weekly _v40(11) 10 September 1992, 22-23(2) |
||
| 520 | _aA major survey by County NatWest concludes that in order to survive `a large number of companies in the sector will need to make significant cuts in either their administration costs, divident payout or both`. | ||
| 650 | _aFUTURE | ||
| 650 | _aPROPERTY COMPANIES | ||
| 650 | _aPROPERTY INDUSTRY | ||
| 650 | _aRATIONALISATION | ||
| 690 | _aPROPERTY-PROPERTY FINANCE AND INVESTMENT | ||
| 942 | _n0 | ||
| 948 | _c04/03/1997 | ||
| 999 |
_c37457 _d37457 |
||